Which country? (history, geography, basic knowledge) - Statistics

General Stats
  • This quiz has been taken 137 times
  • The average score is 8 of 15
Answer Stats
Question Answer % Correct
between which 2 countries was the Cold War? the Soviet Union and the USA
100%
which country is this famous rhyme from? (divorced, beheaded, died, divorced, beheaded, survived) England
83%
Where is this famous quote from? ("let them eat cake") France
83%
Where is the famous "haka" dance from? New Zealand
83%
Who sent dog Laika to space? the Soviet Union
83%
between which 2 countries was the treaty of Tordesillas signed? Spain and Portugal
67%
"Aborigines" are the native people from which country? Australia
50%
in which country took apartheid place? South Africa
50%
Where is Srebrenica? (where the sreberenica genocide happened) Bosnia and Herzegovina
33%
where were the red khmers from? Cambodia
33%
Who singed the Munich agreement? Italy, Germany, the UK, France
33%
which country is the only one with an emperor now? Japan
33%
at the border of which 3 countries can we find the Constance lake? Switzerland, Germany, Austria
33%
What nationality was Christopher Columbus? Italian
17%
Where was Lev Trockij killed? Mexico
0%
No matching quizzes found
Score Distribution
Percent of People with Each Score
Percentile by Number Answered
Your Score History
You have not taken this quiz